Normal view
MARC view
- WEBSTER, DAVID H,GRIGGS, IRWIN
Entry Personal Name
001 - CONTROL NUMBER
- control field: 57897
003 - CONTROL NUMBER IDENTIFIER
- control field: NUST
005 - DATE AND TIME OF LATEST TRANSACTION
- control field: 20210628202020.0
008 - FIXED-LENGTH DATA ELEMENTS
- fixed length control field: 210628|| aca||aabn | a|a d
040 ## - CATALOGING SOURCE
- Original cataloging agency: NUST
- Transcribing agency: NUST
100 ## - HEADING--PERSONAL NAME
- Personal name: WEBSTER, DAVID H,GRIGGS, IRWIN
670 ## - SOURCE DATA FOUND
- Source citation: Work cat.: (NUST): WEBSTER, DAVID H,GRIGGS, IRWIN, WRITER'S ADVISOR FOR FRESHMAN COMPOSITION, 1952
